Before I say good-bye / Mary Higgins Clark.
Nell MacDermott discovers that the boat explosion her husband was killed in was not an accident, but a planned murder. She also discovers that he was not the man she thought he was as she finds out he was involved in illegal real estate deals.
Record details
- ISBN: 0684835983
- ISBN: 9780684835983
- ISBN: 0743261305
- ISBN: 9780743261302
- ISBN: 068482132X
- ISBN: 9780684821320
- Physical Description: 332 pages ; 25 cm.
- Publisher: New York : Simon & Schuster, ©2000.
Search for related items by subject
| Subject: | Construction industry > Corrupt practices > Fiction. Women > Political activity > Fiction. Explosions > Fiction. Psychics > Fiction. Mediums > Fiction. Widows > Fiction. New York (N.Y.) > Fiction. |
| Genre: | Detective and mystery fiction. |
Available copies
- 1 of 1 copy available at scottsboropl.
Holds
- 0 current holds with 1 total copy.
Show Only Available Copies
| Location | Call Number / Copy Notes | Barcode | Shelving Location | Status | Due Date |
|---|---|---|---|---|---|
| scottsboropl | F Cla | 32269001035305 | Adult - Fiction | Available | - |
| LDR | 01366cam a2200385 a 4500 | ||
|---|---|---|---|
| 001 | 116265 | ||
| 003 | SBPL | ||
| 005 | 20220929202117.0 | ||
| 008 | 000501s2000 nyu 000 1 eng d | ||
| 010 | . | ‡a 00266596 | |
| 020 | . | ‡a0684835983 | |
| 020 | . | ‡a9780684835983 | |
| 020 | . | ‡a0743261305 | |
| 020 | . | ‡a9780743261302 | |
| 020 | . | ‡a068482132X | |
| 020 | . | ‡a9780684821320 | |
| 035 | . | ‡a(CONS)116265 | |
| 035 | . | ‡a(CPomAG)LMN304812 | |
| 050 | 0 | 0. | ‡aPS3553.L287 ‡bB44 2000 |
| 082 | 0 | 0. | ‡a813/.54 ‡221 |
| 100 | 1 | . | ‡aClark, Mary Higgins. |
| 245 | 1 | 0. | ‡aBefore I say good-bye / ‡cMary Higgins Clark. |
| 260 | . | ‡aNew York : ‡bSimon & Schuster, ‡c©2000. | |
| 300 | . | ‡a332 pages ; ‡c25 cm. | |
| 336 | . | ‡atext ‡btxt ‡2rdacontent | |
| 337 | . | ‡aunmediated ‡bn ‡2rdamedia | |
| 338 | . | ‡avolume ‡bnc ‡2rdacarrier | |
| 520 | . | ‡aNell MacDermott discovers that the boat explosion her husband was killed in was not an accident, but a planned murder. She also discovers that he was not the man she thought he was as she finds out he was involved in illegal real estate deals. | |
| 650 | 0. | ‡aConstruction industry ‡xCorrupt practices ‡vFiction. | |
| 650 | 0. | ‡aWomen ‡xPolitical activity ‡vFiction. | |
| 650 | 0. | ‡aExplosions ‡vFiction. | |
| 650 | 0. | ‡aPsychics ‡vFiction. | |
| 650 | 0. | ‡aMediums ‡vFiction. | |
| 650 | 0. | ‡aWidows ‡vFiction. | |
| 651 | 0. | ‡aNew York (N.Y.) ‡vFiction. | |
| 655 | 7. | ‡aDetective and mystery fiction. ‡2lcgft | |
| 901 | . | ‡a116265 ‡bUnknown ‡c116265 ‡tbiblio | |